000 01123naa a22003137a 4500
001 BR8405245
003 BR-BrBNA
005 20240918175455.0
007 ta
008 230509b bl.||||| |||| 00| 0 por d
040 _aBR-BrBNA
_bpor
_cBiblioteca Nacional de Agricultura
041 _a(Pt)
072 _aE13; E70; F03
_b3575
_b3530
_bG514
090 _aE13 BR8405245
100 1 _aFurtino, A.M.
111 1 _a1. Seminario Paulista de Sementes e Mudas
_cSao Paulo, SP (Brazil)
_d10-12 Dec 1984
245 1 _aAlguns aspectos da constituicao do credito para producao e utilizacao de sementes no Brasil
260 3 _aSao Paulo, SP (Brasil):
_c1984.
500 _aAnais do 1. Seminario Paulista de Sementes e Mudas Sao Paulo, SP (Brasil): 1984. p. 471-483 (BR8405245-AM)E13
650 _aSEMENTE
650 _aMUDA
650 _aPRODUCAO
650 _aCREDITO
650 _aFINANCIAMENTO
650 _aRECURSO ECONOMICO
773 0 _tAnais do 1. Seminario Paulista de Sementes e Mudas
_wE13 BR8405245
_gSao Paulo, SP (Brasil), 1984. p. 471-483
909 _a202404
_bLucia
_c55
_dLucia Elande
942 _cAM
_2AGRIS
999 _c316901
_d316901